[Event "1.a HSL 19"]
[Site "Mali Losinj"]
[Date "2019.09.30"]
[Round "3.46"]
[White "Plenca, Jadranko"]
[Black "Kovacevic, Vlatko"]
[Result "1-0"]
[WhiteElo "2469"]
[BlackElo "2471"]
[PlyCount "57"]
[EventDate "2019.??.??"]
[WhiteTeam "Šk Liburnija Rijeka"]
[BlackTeam "Gšk Solin-Cemex Solin"]

1. e4 e6 2. d4 d5 3. Nd2 a6 4. Ngf3 c5 5. dxc5 Bxc5 6. Bd3 Nf6 7. Qe2 O-O 8.
O-O Nc6 9. e5 Nd7 10. Nb3 Bb6 11. c4 f6 12. exf6 Nxf6 13. Bg5 h6 14. Bh4 g5 15.
Bg3 Nh5 16. Rad1 Nxg3 17. hxg3 Qf6 18. Bb1 Rf7 19. Nh2 dxc4 20. Nd2 Ne5 21. Kh1
Rg7 22. f4 gxf4 23. Rxf4 Qg5 24. Ne4 Qe7 25. Nf6+ Kh8 26. Qxe5 Bc7 27. Qc3 Bxf4
28. gxf4 e5 29. Qxe5 1-0

[Event "1.a HSL 19"]
[Site "Mali Losinj"]
[Date "2019.09.30"]
[Round "3.51"]
[White "Saric, Ibro"]
[Black "Kryvoruchko, Yuriy"]
[Result "1/2-1/2"]
[WhiteElo "2564"]
[BlackElo "2669"]
[PlyCount "25"]
[EventDate "2019.??.??"]
[WhiteTeam "Šk Mornar Split"]
[BlackTeam "Šk Zagreb Zagreb"]

1. d4 Nf6 2. c4 e6 3. g3 d5 4. Bg2 Bb4+ 5. Bd2 Be7 6. Nf3 O-O 7. O-O Nbd7 8.
Qc2 c6 9. Bf4 Nh5 10. Bc1 Nhf6 11. Bf4 Nh5 12. Bc1 Nhf6 13. Bf4 1/2-1/2

[Event "1.a HSL 19"]
[Site "Mali Losinj"]
[Date "2019.09.30"]
[Round "3.52"]
[White "Malakhov, Vladimir"]
[Black "Saric, Ante"]
[Result "1-0"]
[WhiteElo "2662"]
[BlackElo "2559"]
[PlyCount "71"]
[EventDate "2019.??.??"]
[WhiteTeam "Šk Zagreb Zagreb"]
[BlackTeam "Šk Mornar Split"]

1. Nf3 Nf6 2. g3 g6 3. Bg2 Bg7 4. d4 d5 5. O-O O-O 6. c3 Nbd7 7. Bf4 Nh5 8. Bg5
h6 9. Be3 c6 10. c4 Nhf6 11. cxd5 cxd5 12. Nc3 Nb6 13. b3 Bf5 14. Rc1 Rc8 15.
Ne5 h5 16. h3 Ne4 17. Nxe4 Bxe4 18. f3 Bf5 19. g4 hxg4 20. hxg4 Be6 21. Qd2 Qd6
22. Qa5 Bxe5 23. dxe5 Qxe5 24. Kf2 Qb8 25. Qd2 Nd7 26. Bd4 f6 27. Qh6 Kf7 28.
Qh7+ Ke8 29. Qxg6+ Bf7 30. Qh6 e5 31. Bb2 Rxc1 32. Rxc1 Qd6 33. g5 Kd8 34. gxf6
Nxf6 35. Qg5 d4 36. Ba3 1-0

[Event "1.a HSL 19"]
[Site "Mali Losinj"]
[Date "2019.09.30"]
[Round "3.53"]
[White "Galyas, Miklos"]
[Black "Stevic, Hrvoje"]
[Result "1/2-1/2"]
[WhiteElo "2474"]
[BlackElo "2570"]
[PlyCount "24"]
[EventDate "2019.??.??"]
[WhiteTeam "Šk Mornar Split"]
[BlackTeam "Šk Zagreb Zagreb"]

1. d4 d5 2. Bf4 Nf6 3. e3 e6 4. Nd2 Bd6 5. Bg3 O-O 6. Ngf3 b6 7. Bd3 Ba6 8.
Bxa6 Nxa6 9. Qe2 Nb8 10. e4 dxe4 11. Nxe4 Nxe4 12. Qxe4 Nd7 1/2-1/2

[Event "1.a HSL 19"]
[Site "Mali Losinj"]
[Date "2019.09.30"]
[Round "3.54"]
[White "Kozul, Zdenko"]
[Black "Plenca, Julijan"]
[Result "1-0"]
[WhiteElo "2569"]
[BlackElo "2423"]
[PlyCount "73"]
[EventDate "2019.??.??"]
[WhiteTeam "Šk Zagreb Zagreb"]
[BlackTeam "Šk Mornar Split"]

1. d4 f5 2. g3 Nf6 3. Bg2 g6 4. c3 Bg7 5. Nd2 Nc6 6. Qb3 d5 7. Ndf3 O-O 8. Nh3
a5 9. a4 Re8 10. O-O e5 11. dxe5 Nxe5 12. Nxe5 Rxe5 13. Bg5 c6 14. Nf4 Qe8 15.
Bxf6 Bxf6 16. e3 g5 17. Ne2 Re7 18. Nd4 Kh8 19. Qc2 Qg6 20. Rfe1 Bd7 21. Bh3 g4
22. Bg2 Rae8 23. Red1 h5 24. b4 h4 25. bxa5 Be5 26. Rab1 Bc8 27. a6 bxa6 28.
Rb6 Rh7 29. Rxc6 Qh5 30. Rc5 hxg3 31. hxg3 f4 32. gxf4 Bxd4 33. Rxd4 g3 34.
Rdxd5 Qh2+ 35. Kf1 Bg4 36. Qg6 Rg8 37. Rd8 1-0

[Event "1.a HSL 19"]
[Site "Mali Losinj"]
[Date "2019.09.30"]
[Round "3.55"]
[White "Bobanac, Miro"]
[Black "Palac, Mladen"]
[Result "1/2-1/2"]
[WhiteElo "2257"]
[BlackElo "2544"]
[PlyCount "58"]
[EventDate "2019.??.??"]
[WhiteTeam "Šk Mornar Split"]
[BlackTeam "Šk Zagreb Zagreb"]

1. Nf3 c5 2. b3 Nc6 3. Bb2 d6 4. d4 cxd4 5. Nxd4 e5 6. Nxc6 bxc6 7. g3 Nf6 8.
Bg2 Bb7 9. O-O Be7 10. c4 O-O 11. Nc3 d5 12. e3 Qd7 13. Na4 Qe6 14. Qc2 Ba6 15.
Rfc1 dxc4 16. bxc4 Rab8 17. a3 Rfd8 18. Qc3 Nd7 19. Bf1 c5 20. Bg2 Bb7 21. Bxb7
Rxb7 22. Rd1 Rdb8 23. Qc2 Nb6 24. Nxb6 Rxb6 25. Ra2 f6 26. Rd5 Qg4 27. Kg2 e4
28. h3 Qe6 29. Bc3 a6 1/2-1/2

[Event "1.a HSL 19"]
[Site "Mali Losinj"]
[Date "2019.09.30"]
[Round "3.56"]
[White "Zelcic, Robert"]
[Black "Tomas, Ante"]
[Result "1-0"]
[WhiteElo "2503"]
[BlackElo "2161"]
[PlyCount "79"]
[EventDate "2019.??.??"]
[WhiteTeam "Šk Zagreb Zagreb"]
[BlackTeam "Šk Mornar Split"]

1. e4 e5 2. Nf3 Nc6 3. Bb5 a6 4. Ba4 d6 5. c3 f5 6. d3 Nf6 7. Bg5 fxe4 8. dxe4
h6 9. Be3 Bg4 10. Nbd2 Be7 11. h3 Bh5 12. g4 Bf7 13. Bb3 d5 14. g5 Nh5 15. g6
Bg8 16. Nxe5 Nxe5 17. Qxh5 Qd6 18. O-O-O O-O-O 19. Nc4 dxc4 20. Rxd6 Bxd6 21.
Bc2 Nd3+ 22. Bxd3 cxd3 23. b3 Be6 24. f4 Rhf8 25. f5 Bd7 26. Bd4 Bc6 27. Rf1
Bxe4 28. Kd2 Rd7 29. Qg4 Bd5 30. Re1 h5 31. Qg5 Rg8 32. Be5 Bxe5 33. Rxe5 Bc6
34. Qe3 Rgd8 35. c4 Kb8 36. Re8 Rd6 37. Rxd8+ Rxd8 38. Qe7 Rd7 39. Qf8+ Ka7 40.
f6 1-0

[Event "1.a HSL 19"]
[Site "Mali Losinj"]
[Date "2019.10.01"]
[Round "4.11"]
[White "Inarkiev, Ernesto"]
[Black "Kryvoruchko, Yuriy"]
[Result "1/2-1/2"]
[WhiteElo "2693"]
[BlackElo "2669"]
[PlyCount "72"]
[EventDate "2019.??.??"]
[WhiteTeam "Šk Petar Sedlar Pepe Kaštel Novi"]
[BlackTeam "Šk Zagreb Zagreb"]

1. d4 Nf6 2. c4 e6 3. Nf3 d5 4. Nc3 Be7 5. Bf4 O-O 6. e3 b6 7. Qc2 Ba6 8. Ne5
dxc4 9. Bxc4 Bxc4 10. Nxc4 Nd5 11. Nxd5 Qxd5 12. O-O c5 13. dxc5 Qxc5 14. Rac1
Nd7 15. a3 Rfd8 16. Qb1 Qb5 17. Bd6 Bf8 18. Rfd1 Rac8 19. b3 Nc5 20. Rc3 h6 21.
h3 Qa6 22. Rd4 Nxb3 23. Qxb3 b5 24. Bxf8 Rxd4 25. Nb2 Rdc4 26. Bxg7 Kxg7 27.
Nxc4 Rxc4 28. Rd3 e5 29. Rd5 Qf6 30. Qb2 a6 31. Kh2 Re4 32. Qd2 Ra4 33. Rd6 Rd4
34. Rxf6 Rxd2 35. Rxa6 Rxf2 36. Kg3 Rb2 1/2-1/2

[Event "1.a HSL 19"]
[Site "Mali Losinj"]
[Date "2019.10.01"]
[Round "4.13"]
[White "Lalic, Bogdan"]
[Black "Stevic, Hrvoje"]
[Result "1/2-1/2"]
[WhiteElo "2418"]
[BlackElo "2570"]
[PlyCount "24"]
[EventDate "2019.??.??"]
[WhiteTeam "Šk Petar Sedlar Pepe Kaštel Novi"]
[BlackTeam "Šk Zagreb Zagreb"]

1. d4 d5 2. c4 dxc4 3. Nf3 Nf6 4. e3 e6 5. Bxc4 c5 6. O-O a6 7. dxc5 Qxd1 8.
Rxd1 Bxc5 9. Be2 b6 10. b3 Bb7 11. Bb2 Nbd7 12. Nbd2 O-O 1/2-1/2

[Event "1.a HSL 19"]
[Site "Mali Losinj"]
[Date "2019.10.01"]
[Round "4.14"]
[White "Kozul, Zdenko"]
[Black "Loncar, Robert"]
[Result "1-0"]
[WhiteElo "2569"]
[BlackElo "2406"]
[PlyCount "111"]
[EventDate "2019.??.??"]
[WhiteTeam "Šk Zagreb Zagreb"]
[BlackTeam "Šk Petar Sedlar Pepe Kaštel Novi"]

1. d4 d5 2. c4 c6 3. e3 Nf6 4. Nf3 g6 5. Nc3 Bg7 6. cxd5 cxd5 7. Bb5+ Nc6 8.
Ne5 Qd6 9. Bxc6+ bxc6 10. Qa4 Bd7 11. b3 O-O 12. Ba3 Qe6 13. O-O c5 14. Nxd7
Nxd7 15. Ne2 Nb6 16. Qa6 cxd4 17. Nxd4 Qd7 18. Rac1 Rfc8 19. Nb5 e5 20. h3 d4
21. exd4 exd4 22. Rxc8+ Qxc8 23. Qxc8+ Rxc8 24. Rc1 Rxc1+ 25. Bxc1 Nd5 26. Nxa7
Nc3 27. Kf1 Nxa2 28. Bd2 Nc3 29. Nc6 Ne4 30. Ke2 f5 31. f3 Nc5 32. b4 d3+ 33.
Kd1 Na4 34. b5 Kf7 35. Nb4 Ke6 36. Nxd3 Kd5 37. Nf4+ Kc4 38. Ne6 Bf6 39. Nf8
Kxb5 40. Nxh7 Be7 41. Bg5 Bxg5 42. Nxg5 Kc4 43. Ne6 Nc3+ 44. Kd2 Nd5 45. Nf8
Ne7 46. Ke3 Nd5+ 47. Kf2 Ne7 48. Kg3 Kd3 49. Kf4 Ke2 50. Kg5 Kf2 51. Nxg6 Nc6
52. Nf4 Kg3 53. h4 Nd8 54. h5 Nf7+ 55. Kxf5 Nd6+ 56. Ke6 1-0

[Event "1.a HSL 19"]
[Site "Mali Losinj"]
[Date "2019.10.01"]
[Round "4.15"]
[White "Sale, Srdjan"]
[Black "Palac, Mladen"]
[Result "0-1"]
[WhiteElo "2428"]
[BlackElo "2544"]
[PlyCount "88"]
[EventDate "2019.??.??"]
[WhiteTeam "Šk Petar Sedlar Pepe Kaštel Novi"]
[BlackTeam "Šk Zagreb Zagreb"]

1. f4 g6 2. Nf3 Bg7 3. e4 d6 4. g3 e5 5. d4 exd4 6. Nxd4 Nc6 7. Nxc6 bxc6 8.
Bg2 Ba6 9. c3 Ne7 10. Na3 O-O 11. Qa4 Qc8 12. Be3 Rb8 13. Qc2 c5 14. Kf2 f5 15.
Rhe1 Bb7 16. Rab1 Re8 17. Bd2 Kh8 18. exf5 Bxg2 19. Kxg2 Nxf5 20. Qa4 Rxe1 21.
Rxe1 h5 22. Qc6 Bf6 23. b3 Ne7 24. Qf3 Kg7 25. Re2 Qa6 26. Bc1 Qb7 27. Bd2 Qa6
28. Bc1 Qb7 29. Bd2 Kf7 30. Qxb7 Rxb7 31. Nc4 Nd5 32. Na5 Rb6 33. Nc4 Rb8 34.
Ne3 Nxe3+ 35. Rxe3 c4 36. b4 c5 37. a3 cxb4 38. axb4 a5 39. Kf3 axb4 40. cxb4
d5 41. Ra3 Rb7 42. h3 d4 43. Ke4 Re7+ 44. Kd5 c3 0-1

[Event "1.a HSL 19"]
[Site "Mali Losinj"]
[Date "2019.10.01"]
[Round "4.16"]
[White "Zelcic, Robert"]
[Black "Medak, Bojan"]
[Result "1/2-1/2"]
[WhiteElo "2503"]
[BlackElo "2351"]
[PlyCount "95"]
[EventDate "2019.??.??"]
[WhiteTeam "Šk Zagreb Zagreb"]
[BlackTeam "Šk Petar Sedlar Pepe Kaštel Novi"]

1. e4 g6 2. d4 Bg7 3. Nc3 c6 4. Nf3 d6 5. Be3 Nf6 6. Qd2 O-O 7. Bh6 Qa5 8. Bxg7
Kxg7 9. O-O-O e5 10. Kb1 Nbd7 11. h4 h6 12. h5 Nxh5 13. Be2 Ndf6 14. Nh4 Rh8
15. Bxh5 Nxh5 16. Qe3 Nf6 17. Qg3 Be6 18. Nf3 Bg4 19. dxe5 dxe5 20. Rd6 Bxf3
21. Qxf3 Ne8 22. Rd7 Nf6 23. Rxb7 Rab8 24. Rxb8 Rxb8 25. Rd1 Rd8 26. a3 h5 27.
Qe2 Rxd1+ 28. Nxd1 Qc5 29. b4 Qd4 30. f3 h4 31. Nf2 c5 32. bxc5 Qxc5 33. Kb2
Nd7 34. Nd3 Qb5+ 35. Kc1 Qa5 36. Kb2 Qb5+ 37. Kc1 Qa4 38. Kb2 Nb6 39. Qf2 Nc4+
40. Kc3 Nxa3 41. Nxe5 Qa5+ 42. Kb3 Qxe5 43. Kxa3 Qc3+ 44. Ka2 Qc4+ 45. Kb2 Qb4+
46. Ka2 Qc4+ 47. Kb2 Qb4+ 48. Ka2 1/2-1/2

[Event "1.a HSL 19"]
[Site "Mali Losinj"]
[Date "2019.10.01"]
[Round "4.21"]
[White "Tomashevsky, Evgeny"]
[Black "Saric, Ibro"]
[Result "1/2-1/2"]
[WhiteElo "2718"]
[BlackElo "2564"]
[PlyCount "95"]
[EventDate "2019.??.??"]
[WhiteTeam "Šk Liburnija Rijeka"]
[BlackTeam "Šk Mornar Split"]

1. d4 d5 2. c4 e6 3. Nf3 Nf6 4. Nc3 Be7 5. Bg5 h6 6. Bh4 O-O 7. e3 b6 8. Be2
Bb7 9. Bxf6 Bxf6 10. cxd5 exd5 11. b4 c5 12. bxc5 bxc5 13. Rb1 Bc6 14. O-O Nd7
15. Bb5 Qc7 16. Qd2 Rab8 17. Bxc6 Qxc6 18. dxc5 Bxc3 19. Qxc3 Qxc5 20. Qxc5
Nxc5 21. h3 Ne4 22. Rfc1 Rfc8 23. Rxc8+ Rxc8 24. Nd4 g6 25. f3 Nd6 26. Kf2 Rc5
27. Rb2 h5 28. Rc2 Rxc2+ 29. Nxc2 Nb5 30. Nb4 Nc3 31. Ke1 a5 32. Nc6 Nxa2 33.
Nxa5 f6 34. Nc6 Kf7 35. Kd2 Ke6 36. h4 Kd6 37. Nd4 Nb4 38. Kc3 Na2+ 39. Kb3
Nc1+ 40. Kc2 Na2 41. g4 hxg4 42. fxg4 Nb4+ 43. Kd2 Ke7 44. Ke2 Kf7 45. Nb5 Nc6
46. Kf3 Ne5+ 47. Kf4 g5+ 48. hxg5 1/2-1/2

[Event "1.a HSL 19"]
[Site "Mali Losinj"]
[Date "2019.10.01"]
[Round "4.22"]
[White "Saric, Ante"]
[Black "Saric, Ivan"]
[Result "1/2-1/2"]
[WhiteElo "2559"]
[BlackElo "2667"]
[PlyCount "20"]
[EventDate "2019.??.??"]
[WhiteTeam "Šk Mornar Split"]
[BlackTeam "Šk Liburnija Rijeka"]

1. c4 e6 2. Nc3 d5 3. d4 Be7 4. Nf3 Nf6 5. Bg5 O-O 6. e3 h6 7. Bxf6 Bxf6 8. Rc1
c6 9. Bd3 Nd7 10. O-O dxc4 1/2-1/2

[Event "1.a HSL 19"]
[Site "Mali Losinj"]
[Date "2019.10.01"]
[Round "4.23"]
[White "Markus, Robert"]
[Black "Galyas, Miklos"]
[Result "1-0"]
[WhiteElo "2599"]
[BlackElo "2474"]
[PlyCount "83"]
[EventDate "2019.??.??"]
[WhiteTeam "Šk Liburnija Rijeka"]
[BlackTeam "Šk Mornar Split"]

1. d4 d5 2. c4 c6 3. Nf3 Nf6 4. e3 Bf5 5. Nc3 a6 6. c5 h6 7. b4 Nbd7 8. Bb2 g5
9. Ne2 Bg7 10. Ng3 Bg6 11. Ne5 Nxe5 12. dxe5 Nd7 13. f4 e6 14. Bd3 gxf4 15.
exf4 Qh4 16. O-O O-O 17. Rc1 Rae8 18. Rf3 Bxd3 19. Qxd3 Qg4 20. Ne2 Qg6 21. f5
exf5 22. Rg3 Nxe5 23. Bxe5 Bxe5 24. Rxg6+ fxg6 25. g4 Kh7 26. gxf5 Rxf5 27. Ng3
Rf4 28. Rf1 Ref8 29. Kg2 Rxf1 30. Nxf1 Bg7 31. Qe3 Bf6 32. Qe6 Kg7 33. Nd2 Rf7
34. Nf3 Re7 35. Qd6 Re2+ 36. Kf1 Re4 37. a3 g5 38. Nd2 Re7 39. Nb3 Re3 40. Na5
d4 41. Nc4 Re7 42. Qg3 1-0

[Event "1.a HSL 19"]
[Site "Mali Losinj"]
[Date "2019.10.01"]
[Round "4.24"]
[White "Plenca, Julijan"]
[Black "Kuljasevic, Davorin"]
[Result "0-1"]
[WhiteElo "2423"]
[BlackElo "2550"]
[PlyCount "134"]
[EventDate "2019.??.??"]
[WhiteTeam "Šk Mornar Split"]
[BlackTeam "Šk Liburnija Rijeka"]

1. e4 e5 2. Nf3 Nc6 3. Bc4 Bc5 4. c3 Nf6 5. d4 exd4 6. e5 d5 7. Bb5 Ne4 8. cxd4
Bb6 9. Nc3 O-O 10. Be3 Bg4 11. h3 Bh5 12. Qc2 Nxc3 13. bxc3 f6 14. exf6 Qxf6
15. Be2 Na5 16. Ne5 Bxe2 17. Qxe2 Qe6 18. O-O Rae8 19. Rab1 c6 20. Kh1 Bc7 21.
f4 b5 22. Rbe1 Nc4 23. Rf3 c5 24. Bg1 cxd4 25. cxd4 Ba5 26. Rd1 Qf5 27. Bh2 Rc8
28. Rb3 Nd6 29. Rxb5 Rc2 30. Qf3 Nxb5 31. Qxd5+ Kh8 32. Qxb5 Qe4 33. Rg1 Bb6
34. Qb4 Rcc8 35. Nf3 Qd5 36. Qb1 Qf5 37. Qb4 Qd5 38. a4 Qc4 39. Qe7 Qxa4 40. f5
Qe8 41. Qg5 Qd7 42. Be5 Rxf5 43. Qg3 Bc7 44. Qg4 Rcf8 45. Rc1 Bxe5 46. dxe5 Qe7
47. Qe4 Rf4 48. Qe3 a5 49. e6 R4f6 50. Re1 Re8 51. Qc3 Rxe6 52. Rxe6 Qxe6 53.
Qxa5 Qe4 54. Qd2 Rf8 55. Qc3 Qf4 56. Qc5 Rb8 57. Qc2 h6 58. Qd3 Rc8 59. Kg1
Rc1+ 60. Kf2 Qc7 61. Qa6 Qc5+ 62. Kg3 Qc7+ 63. Kf2 Rc2+ 64. Kg1 Qg3 65. Qf1 Rb2
66. Kh1 Rf2 67. Qg1 Rxf3 0-1

[Event "1.a HSL 19"]
[Site "Mali Losinj"]
[Date "2019.10.01"]
[Round "4.25"]
[White "Jovanic, Ognjen"]
[Black "Brulic, Denis"]
[Result "1-0"]
[WhiteElo "2532"]
[BlackElo "2230"]
[PlyCount "151"]
[EventDate "2019.??.??"]
[WhiteTeam "Šk Liburnija Rijeka"]
[BlackTeam "Šk Mornar Split"]

1. d4 Nf6 2. Nf3 e6 3. e3 d5 4. Bd3 Nbd7 5. O-O Bd6 6. b3 e5 7. dxe5 Nxe5 8.
Nbd2 Nxd3 9. cxd3 O-O 10. Bb2 Re8 11. Re1 Bg4 12. Qc2 Nd7 13. e4 dxe4 14. dxe4
Nc5 15. Qc3 Bf8 16. Re3 Qd6 17. Rae1 Qh6 18. Ne5 Bc8 19. h3 f6 20. Nd3 Ne6 21.
Nf3 Rd8 22. Qc4 Rb8 23. Nd4 c5 24. Nf5 Qh5 25. Nf4 Qf7 26. Nd5 b5 27. Qe2 Kh8
28. Rg3 Bd6 29. Nxd6 Rxd6 30. Qe3 Bb7 31. Rf3 Bxd5 32. exd5 Nd4 33. Bxd4 cxd4
34. Qxd4 Rxd5 35. Qb4 Qc7 36. Rc3 Qd8 37. Qe7 Rd1 38. Rce3 Rxe1+ 39. Rxe1 Qxe7
40. Rxe7 Ra8 41. g4 Kg8 42. Rb7 a6 43. Kg2 Rd8 44. Rb6 Ra8 45. Kf3 Kf7 46. Ke4
Re8+ 47. Kd3 Re6 48. Rb7+ Re7 49. Rxe7+ Kxe7 50. Kc3 Kd6 51. Kb4 Kc6 52. Ka5
Kb7 53. h4 Ka7 54. h5 Kb7 55. a3 Ka7 56. b4 Kb7 57. a4 bxa4 58. Kxa4 Kb6 59. f3
g6 60. f4 gxh5 61. gxh5 h6 62. f5 Ka7 63. Ka5 Kb7 64. b5 axb5 65. Kxb5 Kc7 66.
Kc5 Kd7 67. Kd5 Ke7 68. Kc6 Ke8 69. Kd6 Kf7 70. Kd7 Kf8 71. Ke6 Kg7 72. Ke7 Kg8
73. Kxf6 Kf8 74. Kg6 Kg8 75. Kxh6 Kf7 76. Kg5 1-0

[Event "1.a HSL 19"]
[Site "Mali Losinj"]
[Date "2019.10.01"]
[Round "4.26"]
[White "Tomas, Ante"]
[Black "Plenca, Jadranko"]
[Result "1/2-1/2"]
[WhiteElo "2161"]
[BlackElo "2469"]
[PlyCount "108"]
[EventDate "2019.??.??"]
[WhiteTeam "Šk Mornar Split"]
[BlackTeam "Šk Liburnija Rijeka"]

1. e4 e5 2. Nc3 Nf6 3. Bc4 Bb4 4. Nd5 Nxd5 5. exd5 O-O 6. Ne2 Qh4 7. Bb3 d6 8.
O-O Nd7 9. c3 Ba5 10. d4 Bb6 11. Be3 Nf6 12. f3 Re8 13. Qd2 exd4 14. cxd4 Nh5
15. Rfe1 h6 16. Bf2 Qg5 17. Qxg5 hxg5 18. Ba4 Re7 19. Nc3 Rxe1+ 20. Rxe1 Nf6
21. Ne4 Nxd5 22. Nxg5 Bf5 23. Bb3 c6 24. Bxd5 cxd5 25. Re7 Bg6 26. Rxb7 Rc8 27.
g4 f6 28. Ne6 Bf7 29. Nf4 Rc1+ 30. Kg2 Rc2 31. Kg3 Rxb2 32. Rb8+ Kh7 33. Rb7
Bxd4 34. Rxf7 Bxf2+ 35. Kh3 Bg1 36. Nh5 Rxh2+ 37. Kg3 Kh8 38. Rxa7 Bxa7 39.
Kxh2 Kg8 40. Nf4 d4 41. Kg2 Kf7 42. Kf1 g5 43. Nd3 Ke6 44. Ke2 Kd5 45. Kd2 Kc4
46. Kc2 Bc5 47. Nc1 Bb4 48. Nd3 Bc3 49. Nc1 d5 50. Nd3 Ba5 51. a3 Bc3 52. Nc1
Be1 53. Nd3 Ba5 54. Nb2+ Kb5 1/2-1/2

[Event "1.a HSL 19"]
[Site "Mali Losinj"]
[Date "2019.10.01"]
[Round "4.31"]
[White "Lysyj, Igor"]
[Black "Ponkratov, Pavel"]
[Result "1/2-1/2"]
[WhiteElo "2596"]
[BlackElo "2644"]
[PlyCount "70"]
[EventDate "2019.??.??"]
[WhiteTeam "Šk Ferit-Osijek Osijek"]
[BlackTeam "Gšk Solin-Cemex Solin"]

1. d4 Nf6 2. c4 g6 3. Nc3 d5 4. Nf3 Bg7 5. Qb3 dxc4 6. Qxc4 O-O 7. e4 Nc6 8.
Be2 e5 9. d5 Nd4 10. Nxd4 exd4 11. Qxd4 c6 12. Qc4 b5 13. Qxc6 Bd7 14. Qd6 Re8
15. e5 Ng4 16. e6 fxe6 17. dxe6 Bxe6 18. Qxd8 Raxd8 19. O-O b4 20. Nb5 Bd7 21.
Bc4+ Be6 22. Be2 Bd7 23. Bc4+ Be6 24. Bxe6+ Rxe6 25. h3 Ne5 26. Bg5 Nf3+ 27.
gxf3 Rd5 28. Be3 Rxb5 29. Rac1 Bxb2 30. Rc8+ Kf7 31. Rb1 Bf6 32. Bxa7 Ra6 33.
Bc5 Rxa2 34. Rxb4 Rxb4 35. Bxb4 Bd4 1/2-1/2

[Event "1.a HSL 19"]
[Site "Mali Losinj"]
[Date "2019.10.01"]
[Round "4.32"]
[White "Martinovic, Sasa"]
[Black "Hracek, Zbynek"]
[Result "0-1"]
[WhiteElo "2539"]
[BlackElo "2572"]
[PlyCount "136"]
[EventDate "2019.??.??"]
[WhiteTeam "Gšk Solin-Cemex Solin"]
[BlackTeam "Šk Ferit-Osijek Osijek"]

1. d4 Nf6 2. c4 e6 3. Nc3 Bb4 4. Nf3 b6 5. Qc2 Bb7 6. a3 Bxc3+ 7. Qxc3 Ne4 8.
Qc2 f5 9. g3 O-O 10. Bg2 Nf6 11. O-O Be4 12. Qc3 d6 13. b4 Nbd7 14. Bb2 Qe7 15.
Rfd1 a6 16. d5 exd5 17. cxd5 Nxd5 18. Qb3 c6 19. Nd4 Bxg2 20. Nxc6 Qf7 21. f3
Rae8 22. Rxd5 Rxe2 23. Bd4 Rfe8 24. Rd1 Bh3 25. Bf2 Nf6 26. R5d3 Qxb3 27. Rxb3
Ra2 28. Nd4 b5 29. Rbd3 Nd7 30. R1d2 Ra1+ 31. Rd1 Ra2 32. R1d2 Rxd2 33. Rxd2
Ne5 34. Rc2 g5 35. Rc3 f4 36. Rc7 Rc8 37. Rxc8+ Bxc8 38. h4 fxg3 39. Bxg3 gxh4
40. Bxh4 Nc4 41. f4 Nxa3 42. Kf2 Nc4 43. Kf3 Kf7 44. f5 Ne5+ 45. Ke4 Bb7+ 46.
Ke3 Nc6 47. Nxc6 Bxc6 48. Bd8 Ke8 49. Bb6 Bd5 50. Kf4 Bf7 51. Kg5 h5 52. Kf4
Kd7 53. Ba5 Kc6 54. Bd8 Kd5 55. Bc7 a5 56. bxa5 Kc6 57. Bd8 b4 58. Ke4 Kb5 59.
Kd4 d5 60. Kd3 Be8 61. Kd4 Bd7 62. f6 Be6 63. Kd3 Bf7 64. Kc2 h4 65. Bc7 h3 66.
Kb3 d4+ 67. Kc2 Bg6+ 68. Kb3 d3 0-1

[Event "1.a HSL 19"]
[Site "Mali Losinj"]
[Date "2019.10.01"]
[Round "4.33"]
[White "Leventic, Ivan"]
[Black "Cvitan, Ognjen"]
[Result "1/2-1/2"]
[WhiteElo "2389"]
[BlackElo "2489"]
[PlyCount "80"]
[EventDate "2019.??.??"]
[WhiteTeam "Šk Ferit-Osijek Osijek"]
[BlackTeam "Gšk Solin-Cemex Solin"]

1. e4 c5 2. Nf3 d6 3. Bb5+ Bd7 4. c4 Nf6 5. Nc3 a6 6. Bxd7+ Nbxd7 7. O-O e6 8.
d4 cxd4 9. Qxd4 Be7 10. b3 O-O 11. a4 Qc7 12. Ba3 Rfd8 13. h3 Ne5 14. Qe3 Nxf3+
15. Qxf3 Rac8 16. Qe3 Nd7 17. Rad1 Nc5 18. Ne2 Qc6 19. Rfe1 h6 20. Nd4 Qc7 21.
f4 Bf6 22. Nf3 b6 23. Nh2 Qb7 24. Ng4 Bh4 25. g3 Be7 26. h4 h5 27. Nf2 b5 28.
axb5 axb5 29. Qf3 bxc4 30. bxc4 Qa6 31. Bb2 Rb8 32. Ba1 Nb3 33. Qxh5 Nxa1 34.
Rxa1 Qxc4 35. Ra7 Qc3 36. Kf1 Re8 37. Nh1 Rb2 38. Re2 Rb1+ 39. Kg2 Qc5 40. Qxc5
dxc5 1/2-1/2

[Event "1.a HSL 19"]
[Site "Mali Losinj"]
[Date "2019.10.01"]
[Round "4.34"]
[White "Kurajica, Bojan"]
[Black "Zivkovic, Vjekoslav"]
[Result "1/2-1/2"]
[WhiteElo "2493"]
[BlackElo "2362"]
[PlyCount "98"]
[EventDate "2019.??.??"]
[WhiteTeam "Gšk Solin-Cemex Solin"]
[BlackTeam "Šk Ferit-Osijek Osijek"]

1. Nf3 Nf6 2. d4 d5 3. c4 e6 4. Nbd2 c5 5. cxd5 exd5 6. Qc2 Nc6 7. dxc5 Qa5 8.
e3 Qxc5 9. Qd1 Be7 10. a3 O-O 11. Be2 Qb6 12. b4 a5 13. b5 Nd8 14. O-O Ne6 15.
Bb2 a4 16. Nb1 Nc5 17. Nc3 Rd8 18. Nd4 Nfe4 19. Na2 Qh6 20. Bg4 Bf6 21. Bxc8
Raxc8 22. Rc1 Qg6 23. Nb4 h5 24. Rc2 h4 25. h3 Ng5 26. Kh1 Nge6 27. Qf3 Qe4 28.
Rfc1 Qxf3 29. gxf3 b6 30. Nf5 Bxb2 31. Rxb2 Kf8 32. Rd1 g6 33. Nxh4 Nb3 34. Nc6
Rd6 35. f4 d4 36. f5 Nc7 37. fxg6 fxg6 38. Rg1 Nxb5 39. Nxg6+ Ke8 40. Nxd4
N5xd4 41. exd4 Nxd4 42. Rg3 Nf5 43. Rg5 Rc3 44. Re2+ Kd8 45. Ne5 Rf6 46. Rd2+
Ke7 47. Ng4 Rf8 48. Rd5 Rxh3+ 49. Kg2 Rxa3 1/2-1/2

[Event "1.a HSL 19"]
[Site "Mali Losinj"]
[Date "2019.10.01"]
[Round "4.35"]
[White "Mrkonjic, Nenad"]
[Black "Rogic, Davor"]
[Result "0-1"]
[WhiteElo "2343"]
[BlackElo "2492"]
[PlyCount "72"]
[EventDate "2019.??.??"]
[WhiteTeam "Šk Ferit-Osijek Osijek"]
[BlackTeam "Gšk Solin-Cemex Solin"]

1. d4 d5 2. c4 e6 3. Nc3 Nf6 4. Bg5 Nbd7 5. e3 c6 6. cxd5 exd5 7. Bd3 Be7 8.
Nf3 Ne4 9. Bxe4 Bxg5 10. Nxg5 Qxg5 11. Bf3 O-O 12. h4 Qe7 13. g3 Nf6 14. O-O
Bf5 15. a3 a5 16. Re1 h6 17. Rc1 Rfe8 18. h5 Qd6 19. Kg2 Re7 20. Rh1 Nh7 21.
Bg4 Bxg4 22. Qxg4 Ng5 23. Ne2 Rae8 24. Nf4 Ne4 25. Rc2 Qd8 26. Rhc1 Nd6 27. Kg1
Nc4 28. Nd3 Re4 29. Qf5 Nd6 30. Qh3 Qg5 31. Nf4 Nf5 32. Rc3 Nxd4 33. Kg2 Nf5
34. Rb3 d4 35. Ne2 R4e7 36. Rd1 Nxe3+ 0-1

[Event "1.a HSL 19"]
[Site "Mali Losinj"]
[Date "2019.10.01"]
[Round "4.36"]
[White "Kovacevic, Vlatko"]
[Black "Feletar, Darko"]
[Result "1/2-1/2"]
[WhiteElo "2471"]
[BlackElo "2356"]
[PlyCount "99"]
[EventDate "2019.??.??"]
[WhiteTeam "Gšk Solin-Cemex Solin"]
[BlackTeam "Šk Ferit-Osijek Osijek"]

1. d4 c5 2. e3 Nf6 3. Nf3 d5 4. Nbd2 Nc6 5. Bb5 Bd7 6. O-O cxd4 7. exd4 a6 8.
Be2 Bf5 9. c3 Qc7 10. Nh4 Bd7 11. Nb3 e6 12. g3 Bd6 13. Ng2 b6 14. Bg5 Ne4 15.
Bf4 Nf6 16. Bxd6 Qxd6 17. Re1 Na5 18. Nf4 Bb5 19. Bf3 Ba4 20. Qe2 Nxb3 21. axb3
Bxb3 22. Rxa6 O-O 23. Raa1 Qc6 24. h4 Nd7 25. Qd2 Rxa1 26. Rxa1 Ra8 27. Qe1
Rxa1 28. Qxa1 Qa4 29. Qxa4 Bxa4 30. Nd3 f6 31. Nb4 Kf7 32. Kf1 Ke7 33. Ke1 Kd6
34. Kd2 Bb3 35. Be2 Ba4 36. f4 h6 37. Bf3 Bb3 38. Ke3 Nf8 39. Bh5 Ba4 40. Nd3
Bc2 41. Nc1 Be4 42. c4 Bg2 43. b3 dxc4 44. bxc4 e5 45. dxe5+ fxe5 46. Nd3 exf4+
47. Nxf4 Bf1 48. Kd4 Ne6+ 49. Nxe6 Kxe6 50. Bg6 1/2-1/2

[Event "1.a HSL 19"]
[Site "Mali Losinj"]
[Date "2019.10.01"]
[Round "4.41"]
[White "Fedorchuk, Sergey A."]
[Black "Grachev, Boris"]
[Result "1/2-1/2"]
[WhiteElo "2621"]
[BlackElo "2621"]
[PlyCount "41"]
[EventDate "2019.??.??"]
[WhiteTeam "Hašk Mladost Zagreb"]
[BlackTeam "Šk Rijeka Rijeka"]

1. e4 c5 2. Nf3 e6 3. d4 cxd4 4. Nxd4 Nc6 5. Nc3 a6 6. Be2 Qc7 7. O-O Nf6 8.
Be3 Be7 9. f4 d6 10. Kh1 O-O 11. Qe1 Nxd4 12. Bxd4 b5 13. Qg3 Bb7 14. a3 Rad8
15. Rae1 Bc6 16. Bd3 Qd7 17. Nd1 Nh5 18. Qg4 Nf6 19. Qg3 Nh5 20. Qg4 Nf6 21.
Qg3 1/2-1/2